Statistiques concernant Harry Potter: la Troisième Tâche du Tournoi des 3 Sorciers

Cliquez ici pour prendre le quiz!

Statistiques générales

  • Ce quiz a été pris 80 fois
    (73 depuis la dernière actualisation)
  • Le résultat moyen est 11 sur 16

Statistiques - réponses

InformationRéponses% Correct
ParticipantCédric Diggory
100%
ParticipanteFleur Delacour
100%
ParticipantHarry Potter
100%
ObstacleViktor Krum (soumis à l'imperium)
100%
Première apparitionHarry Potter et la Coupe de Feu
98%
Dernière apparitionHarry Potter et la Coupe de Feu
98%
LieuTerrain de Quidditch de Poudlard
98%
ParticipantViktor Krum
89%
DescriptionAttraper en premier le trophée des trois sorcier, caché dans un labyrinthe
83%
Date24 juin 1995
68%
Obstacle (animal)Sphinx
54%
Obstacle (animal)Acromentule
35%
Obstacle (animal)Epouvantard
29%
Obstacle (animal)Scroutts à Pétard
27%
ObstaclesMurs du labyrinthe
22%
ObstacleBrume dorée
16%

Distribution des résultats

Percentile par nombre de réponses

% des personnes avec chaque résultat

Votre développement - résultats

Vous n’avez pas pris ce quiz depuis la dernière actualisation